| 000 -ლიდერი |
| ფიქსირებული სიგრძის საკონტროლო ველი |
01548nam a22002417a 4500 |
| 003 - საკონტროლო ნომრის იდენტიფიკატორი |
| საკონტროლო ველი |
Ge_BSU |
| 005 - ბოლო ოპერაციის თარიღი და დრო |
| საკონტროლო ველი |
20200527125739.0 |
| 008 - ფიქსირებული სიგრძის მონაცემთა ელემენტები - ზოგადი ინფორმაცია |
| ფიქსირებული სიგრძის საკონტროლო ველი |
200527s2017 ge ||||| |||| 00| 0 geo d |
| 020 ## - წიგნის საერთაშორისო სტანდარტული ნომერი |
| International Standard Book Number |
9789941457685 |
| 041 ## - ენის კოდი |
| Language code of text/sound track or separate title |
geo |
| 080 ## - უნივერსალური ათობითი კლასიფიკაციის ინდექსი |
| Universal Decimal Classification number |
159.964.2 ტ-68 |
| 100 ## - მთავარი ჩანაწერი - პიროვნების სახელი |
| Personal name |
ტომე, ჰელმუტ |
| 9 (RLIN) |
8208 |
| 245 ## - ცნობა სათაურის შესახებ |
| Title |
ფსიქოანალიტიკური თერაპია : |
| Remainder of title |
საფუძვლები / |
| Statement of responsibility, etc |
ჰელმუტ ტომე, ჰორსტ კეხელე ; ანდრეას ბილგერის, ანა ბუხჰაიმის, მანფრედ ცირპკას [და სხვ.] მონაწილეობით ; სამეცნ. რედაქტორი ხათუნა ივანიშვილი ; ყდის დიზაინი გიორგი ბაგრატიონი. |
| 264 ## - წარმოების, გამოცემის, დისტრიბუციის და სხვა ცნობები |
| გამოცემის, წარმოების, დისტრიბუციის... ადგილი |
თბილისი : |
| გამოცემის, წარმოების, დისტრიბუციის... სახელწოდება |
ნეკერი, |
| გამოცემის, წარმოების, დისტრიბუციის... თარიღი |
2017. |
| 300 ## - ფიზიკური აღწერა |
| Extent |
488 გვ. ; |
| Other physical details |
25 სმ. |
| 500 ## - ზოგადი შენიშვნა |
| General note |
ყდაზე გამოყენებულია ნუცა ესებუას კომპოზიცია. |
| 504 ## - BIBLIOGRAPHY, ETC. NOTE |
| Bibliography, etc |
ბიბლიოგრ.: გვ. 442-488. |
| 653 ## - INDEX TERM--UNCONTROLLED |
| Uncontrolled term |
ფსიქოანალიზი |
| 700 ## - ADDED ENTRY--PERSONAL NAME |
| Personal name |
კეხელე, ჰორსტ |
| Relator term |
ავტორი |
| 9 (RLIN) |
8209 |
| 700 ## - ADDED ENTRY--PERSONAL NAME |
| Personal name |
ივანიშვილი, ხათუნა |
| Relator term |
რედაქტორი |
| 9 (RLIN) |
8210 |
| 700 ## - ADDED ENTRY--PERSONAL NAME |
| Personal name |
ბაგრატიონი, გიორგი |
| Relator term |
ყდის დიზაინერი |
| 9 (RLIN) |
5945 |
| 942 ## - ADDED ENTRY ELEMENTS (KOHA) |
| Source of classification or shelving scheme |
|
| Koha item type |
წიგნი |